Exploring the world of data processing / (Record no. 179526)
[ view plain ]
| 000 -LEADER | |
|---|---|
| fixed length control field | 01328 a2200193 4500 |
| 003 - CONTROL NUMBER IDENTIFIER | |
| control field | Nust |
| 005 - DATE AND TIME OF LATEST TRANSACTION | |
| control field | 20221206111734.0 |
| 010 ## - LIBRARY OF CONGRESS CONTROL NUMBER | |
| LC control number | 74028054 |
| 020 ## - INTERNATIONAL STANDARD BOOK NUMBER | |
| International Standard Book Number | 0879092599 |
| 040 ## - CATALOGING SOURCE | |
| Transcribing agency | Nust |
| 082 00 - DEWEY DECIMAL CLASSIFICATION NUMBER | |
| Classification number | 621.3819,DER |
| 100 1# - MAIN ENTRY--PERSONAL NAME | |
| Personal name | DeRossi, Claude J. |
| 9 (RLIN) | 104204 |
| 245 10 - TITLE STATEMENT | |
| Title | Exploring the world of data processing / |
| Statement of responsibility, etc. | Claude J. DeRossi. |
| 260 ## - PUBLICATION, DISTRIBUTION, ETC. | |
| Place of publication, distribution, etc. | Reston, Va. : |
| Name of publisher, distributor, etc. | Reston Pub. Co., |
| Date of publication, distribution, etc. | [1975] |
| 300 ## - PHYSICAL DESCRIPTION | |
| Extent | xv, 256 p. : |
| Other physical details | ill. ; |
| Dimensions | 24 cm. |
| 505 ## - FORMATTED CONTENTS NOTE | |
| Formatted contents note | A brief History of Data Processing (Page-1), What is a Computer (Page-9), The Business World (Page-17), EAM Equipment (Page-22), File Processing (Page-30), Converting from EAM Equipment to a Computer (Page-39), Computer Input/Out Devices (Page-43), Computer Output Microfilm (Page-55), Binary Bits (Page-59), Integers (Page-66), Floating Point (Page-73),Hexadecimal and Octal Codes (Page-82), Computer Memories (Page-92), Instructional Formats (Page-99), Machine Language Programming (Page-107), Assembly Language Programming (Page-113), A Survey of Fortran (Page-126), Cobol Concepts (Page-144), The Basic Language (Page-154), Flowcharting (Page-165), Batch Mode (Page-175), Remote Batch (Page-181), Conversational Timesharing (Page-188), Software (Page-205), Applications (Page-212), System Design (Page-228). |
| 650 #0 - SUBJECT ADDED ENTRY--TOPICAL TERM | |
| Topical term or geographic name entry element | Telecommunication Engineering. |
| 942 ## - ADDED ENTRY ELEMENTS (KOHA) | |
| Source of classification or shelving scheme | |
| Koha item type | Book |
| Withdrawn status | Lost status | Source of classification or shelving scheme | Damaged status | Not for loan | Permanent Location | Current Location | Shelving location | Date acquired | Full call number | Barcode | Date last seen | Price effective from | Koha item type | Public note |
|---|---|---|---|---|---|---|---|---|---|---|---|---|---|---|
| Military College of Signals (MCS) | Military College of Signals (MCS) | General Stacks | 12/12/2016 | 621.3819,DER | MCS138 | 12/08/2016 | 12/12/2016 | Book | Almirah No.34, Shelf No.6 |
